<?xml version="1.0" encoding="UTF-8"?>
<collection xmlns:xsi="http://www.w3.org/2001/XMLSchema-instance" xsi:schemaLocation="http://www.loc.gov/MARC21/slim http://www.loc.gov/standards/marcxml/schema/MARC21slim.xsd" xmlns="http://www.loc.gov/MARC21/slim">
 <record>
  <leader>00000ctm a22000003a 4500</leader>
  <controlfield tag="001">UP-99796217611352635</controlfield>
  <controlfield tag="003">Buklod</controlfield>
  <controlfield tag="005">20140731152546.0</controlfield>
  <controlfield tag="006">a     r    |||| u|</controlfield>
  <controlfield tag="007">ta</controlfield>
  <controlfield tag="008">140731s2014    xx     d     r    |||| u|</controlfield>
  <datafield tag="035" ind1=" " ind2=" ">
   <subfield code="a">(iLib)UPD-00227804867</subfield>
  </datafield>
  <datafield tag="040" ind1=" " ind2=" ">
   <subfield code="a">DCHE</subfield>
   <subfield code="e">rda</subfield>
  </datafield>
  <datafield tag="041" ind1=" " ind2=" ">
   <subfield code="a">eng</subfield>
  </datafield>
  <datafield tag="090" ind1=" " ind2=" ">
   <subfield code="a">LG 993.5 2014 F66</subfield>
   <subfield code="b">B45</subfield>
  </datafield>
  <datafield tag="100" ind1="1" ind2=" ">
   <subfield code="a">Beloro, Lorenzo O.</subfield>
   <subfield code="e">author</subfield>
  </datafield>
  <datafield tag="245" ind1="1" ind2="0">
   <subfield code="a">Chemical composition of dried pulp of Arabica, Robusta and Liberica coffee varieties</subfield>
   <subfield code="c">Lorenzo O. Beloro ; Djanna F. Cornago, adviser.</subfield>
  </datafield>
  <datafield tag="264" ind1=" " ind2="0">
   <subfield code="a">Quezon City</subfield>
   <subfield code="b">College of Home Economics, University of the Philippines Diliman</subfield>
   <subfield code="c">2014.</subfield>
  </datafield>
  <datafield tag="300" ind1=" " ind2=" ">
   <subfield code="a">x, 86 leaves</subfield>
   <subfield code="b">illustrations (some color)</subfield>
   <subfield code="e">1 CD-ROM (4 3/4 in.).</subfield>
  </datafield>
  <datafield tag="336" ind1=" " ind2=" ">
   <subfield code="a">text</subfield>
   <subfield code="2">rdacontent.</subfield>
  </datafield>
  <datafield tag="337" ind1=" " ind2=" ">
   <subfield code="a">unmediated</subfield>
   <subfield code="2">rdamedia.</subfield>
  </datafield>
  <datafield tag="338" ind1=" " ind2=" ">
   <subfield code="a">volume</subfield>
   <subfield code="2">rdacarrier.</subfield>
  </datafield>
  <datafield tag="502" ind1=" " ind2=" ">
   <subfield code="a">Thesis (B.S. Food Technology)--University of the Philippines Diliman.</subfield>
  </datafield>
  <datafield tag="520" ind1=" " ind2=" ">
   <subfield code="a">In this study, proximate composition (including moisture, crude fat, crude protein, crude fiber, ash, and total available carbohydrate contents) and caffeine content of dried coffee pulp samples from three locally grown coffee varieties (Arabica, Robusta and Liberica) were investigated. Nitrogen-free extract was determined as percent difference based on the results of proximate analysis. UV/vis spectrophotometry method was used for caffeine determination with dichloromethane as extracting solvent. Proximate composition was observed to be significantly different (p&lt;0.05) among dried coffee pulp samples, except for moisture and crude fiber contents. Moreover, the present study revealed that caffeine content of Arabica and Liberica were not significantly different (p&gt;0.05) from each other; however, both values were significantly different (p&lt;0.05) to that of Robusta. Robusta sample had the highest level of moisture, crude fat and crude fiber. Crude protein and ash were observed to be highest in Arabica sample while highest levels of TAC and NFE were observed in Liberica. Differences in chemical composition across varieties may be attributed to variation in genetic make-up and environmental conditions during cultivation.</subfield>
  </datafield>
  <datafield tag="650" ind1="1" ind2="7">
   <subfield code="a">Coffee</subfield>
   <subfield code="z">Philippines</subfield>
   <subfield code="x">Varieties.</subfield>
  </datafield>
  <datafield tag="650" ind1="1" ind2="7">
   <subfield code="a">Coffee pulp</subfield>
   <subfield code="x">Composition.</subfield>
  </datafield>
  <datafield tag="700" ind1="1" ind2=" ">
   <subfield code="a">Cornago,Djanna F.</subfield>
   <subfield code="e">adviser.</subfield>
  </datafield>
  <datafield tag="856" ind1="4" ind2="0">
   <subfield code="z">Also available in UP Diliman Digital Archives</subfield>
   <subfield code="u">https://digitalarchives.upd.edu.ph/item/19391/971/QX6s8FLWxx8APJlwAKxOu8wi</subfield>
  </datafield>
  <datafield tag="905" ind1=" " ind2=" ">
   <subfield code="a">FI</subfield>
  </datafield>
  <datafield tag="905" ind1=" " ind2=" ">
   <subfield code="a">UP</subfield>
  </datafield>
  <datafield tag="852" ind1="0" ind2=" ">
   <subfield code="a">UPD</subfield>
   <subfield code="b">DCHE</subfield>
   <subfield code="h">LG 993.5 2014 F66</subfield>
   <subfield code="i">B45</subfield>
  </datafield>
  <datafield tag="942" ind1=" " ind2=" ">
   <subfield code="a">Thesis</subfield>
  </datafield>
 </record>
</collection>
